DEC is dead, long live DEC <the> lasting legacy of digital oquipment corporation

Gespeichert in:
Bibliographische Detailangaben
1. Verfasser: Schein, Edgar H.
Format: Buch
Sprache:Englisch
Veröffentlicht: San Francisco Berrett-Koehler Publishers, Inc. 2003
Schlagworte:
Tags: Tag hinzufügen
Keine Tags, Fügen Sie das erste Tag hinzu!

MARC

LEADER 00000nam$a2200000$$$4500
001 0105382
005 20240311125511.9
020 |a 1-57675-225-9 
041 0 |a eng 
044 |a US 
245 1 0 |a DEC is dead, long live DEC  |b <the> lasting legacy of digital oquipment corporation  |c Edgar H. Schein ... [et al.] 
264 1 |a San Francisco  |b Berrett-Koehler Publishers, Inc.  |c 2003 
300 |a xv, 319 s. 
610 2 0 |a podnikanie 
610 2 0 |a technika výpočtová 
610 2 0 |a počítače 
610 2 0 |a štúdie prípadové 
610 2 0 |a digitalizácia 
610 2 0 |a technológia 
610 2 0 |a technológie nové 
610 2 0 |a inovácia 
100 1 |a Schein, Edgar H.